000
00292nam a22001217a 4500
020
_a
0-471-51796-8
082
_a
620.0042 ERT'E
100
_a
ERTAS, A, JONES, J. C
_9
67522
245
_a
THE ENGINEERING DESIGN PROCESS
260
_a
NEWYORK
_b
JOHN WILEY
_c
1993
300
_a
525P
942
_c
BK
999
_c
575283
_d
575283